000 004520000a22001810004500
003 MACL
005 20150823150117.0
008 150823b xxu||||| |||| 00| 0 eng d
040 _aMACL
_cMACL
041 _aEnglish
082 _a620/DOG
100 _aDogra, Bharat
_9675
245 _aForest, Dams and Survival in Tehri Garhwal
260 _bAvon Printofast
_c1992
_aNew Delhi
350 _a70
650 _aEngineering
_97107
942 _cBK
_k620
_2ddc
999 _c4713
_d4713